000 00636nam a2200265Ia 4500
005 20260121125622.0
008 008 260114s9999 xx 000 0 eng d
020 _a9781685859428
037 _aEBOOK
040 _aCRL
040 _beng
040 _cCRL
041 _2eng
041 _aeng
084 _qCRL
100 _aWalker, R.B.J.
_9996054
245 0 _aOne World, Many Worlds
260 _bWalter de Gruyter
260 _bWalter de Gruyter
650 _aPolitical Science
_9996055
856 _uhttp://www.degruyter.com/isbn/9781685859428
942 _cEBOOK
999 _c1563278
_d1563278